01356nam a2200313 a 4500001001000000003000400010005001700014008004100031040002500072082002000097100003200117245007500149260003600224300003600260490004800296500007800344504003100422590002700453600003900480651006800519651005400587700003600641830005500677910003700732942001400769952012400783952011800907999001701025000022463OSt20250621074007.0101011s2001 dr ac 000 0 spa d aDO-SdBNPbspacBNPHU a320.97293bE79c1 aEstévez Aristy, J.92138010aCien días con rostro humano /cJ. Estévez Aristy, Mario J. Cedano. aSanto Domingo :bBúho,c2001. a430 p. :bil., retrs. ;c24 cm.1 aColección José Francisco Peña Gómez aIncluye datos biográficos de los autores en las solapas de la cubierta. aBibliografía: p.400-402. aInventariado, 2018/ YL10aMejía, Hipólito,d1941-978920 4aRepública DominicanaxPresidente (2000-2004 : Mejía)917227 0aRepública DominicanaxPolítica y gobierno9451 aCedano, Mario J.,d1959-921378 0aColección José Francisco Peña Gómez946294 aValidado. Control de calidad EMS 2ddccLBS1 0011718PDaPDbPDcMId2010-10-11iLF1l0o320.97293 E79cp22463-20r2020-06-25te. 2w2020-06-25yLFPDZNo se presta 0010718PDaPDbPDcHDd2010-10-11iLF1l0o320.97293 E79cp22463-10r2020-06-25w2020-06-25yLFPDZNo se presta c21961d21961